Statystyki dla Państwa zaczynające się na literę "G"

Kliknij tutaj aby rozwiązać quiz!

Ogólne statystyki

  • Ten quiz został rozwiązany 55 razy
    (36 od ostatniego zresetowania)
  • Średni wynik to 9 z 11

Statystyki odpowiedzi

KontynentPaństwo% Poprawnych
EuropaGrecja
97%
Ameryka Płn.Gwatemala
94%
AzjaGruzja
91%
AfrykaGwinea
91%
Ameryka Płd.Gujana
88%
AfrykaGwinea Równikowa
88%
AfrykaGabon
81%
AfrykaGwinea Bissau
78%
AfrykaGambia
75%
AfrykaGhana
72%
Ameryka Płd.Grenada
63%

Rozkład punktacji

Percentyl według liczby udzielonych odpowiedzi

Procent ludzi z każdym wynikiem

Twoja historia wyników

Nie rozwiązałeś tego quizu od ostatniego zresetowania